| 000 | 00444nam a2200181Ia 4500 | ||
|---|---|---|---|
| 008 | 230524s9999 xx 000 0 und d | ||
| 020 | _a8177584766 | ||
| 082 |
_a5.73 _bELM |
||
| 100 | _aRamez Elmasri | ||
| 245 | 0 | _aFundamentals of Database Systems | |
| 250 | _a1ST | ||
| 260 |
_aNEW DELHI _bPearson _c2004 |
||
| 300 | _aXXVI;1030 | ||
| 500 | _aQuantity Number: 174 | ||
| 650 | _aComp-Sc | ||
| 700 | _a Shamkant B.Navathe | ||
| 942 | _cBK | ||
| 999 |
_c13127 _d13127 |
||